Normal view
MARC view
- الاردن - أحوال اقتصادية
Entry Topical Term
001 - CONTROL NUMBER
- control field: 46299
003 - CONTROL NUMBER IDENTIFIER
- control field: JO-AjAnu
005 - DATE AND TIME OF LATEST TRANSACTION
- control field: 20230606081643.0
008 - FIXED-LENGTH DATA ELEMENTS
- fixed length control field: 230606|| aca||aabn | a|a d
040 ## - CATALOGING SOURCE
- Original cataloging agency: JO-AjAnu
- Transcribing agency: JO-AjAnu
150 ## - HEADING--TOPICAL TERM
- Topical term or geographic name entry element: الاردن - أحوال اقتصادية
670 ## - SOURCE DATA FOUND
- Source citation: Work cat.: (JO-AjAnu)23698: الشرع، منذر ....واخرون ؛ مراجعة وتقديم منذر واصف المصري, author 46298, قواعد وآفاق التحديث في الاردن